Central Library OPAC University of Rajshahi

Buddhist logic / (Record no. 30632)

MARC details
000 -LEADER
fixed length control field 00877cam a22002891 4500
001 - CONTROL NUMBER
control field 30632
003 - CONTROL NUMBER IDENTIFIER
rucl marc code BD-RjUL
005 - DATE AND TIME OF LATEST TRANSACTION
control field 20211209051607.0
008 - FIXED-LENGTH DATA ELEMENTS--GENERAL INFORMATION
fixed length control field 140410s1962 xx 000 0 eng
035 ## - SYSTEM CONTROL NUMBER
System control number (BD-RjUL)30718
System control number (OCoLC)284595
040 ## - CATALOGING SOURCE
Original cataloging agency DLC
Transcribing agency OHirC
Modifying agency CSuvM
-- OCoLC
-- DLC
Language of cataloging eng
041 ## - LANGUAGE CODE
Language code of text/sound track or separate title eng
082 ## - DEWEY DECIMAL CLASSIFICATION NUMBER
Classification number 181.4
Author mark and year STB 1962
100 1# - MAIN ENTRY--PERSONAL NAME
Personal name Shcherbatskoĭ, Fedor Ippolitovich,
Dates associated with a name 1866-1942.
9 (RLIN) 93072
245 10 - TITLE STATEMENT
Title Buddhist logic /
Statement of responsibility, etc. F.Th. Stcherbatsky.
Number of part/section of a work V-2
260 ## - PUBLICATION, DISTRIBUTION, ETC. (IMPRINT)
Place of publication, distribution, etc. New York :
Name of publisher, distributor, etc. Dover Publications,
Date of publication, distribution, etc. 1962
300 ## - PHYSICAL DESCRIPTION
Pagination 468 p. ;
Size 24 cm.
650 #0 - SUBJECT ADDED ENTRY--TOPICAL TERM
Topical term or geographic name as entry element Buddha and Buddhism.
9 (RLIN) 4353
Topical term or geographic name as entry element Logic
9 (RLIN) 93073
Topical term or geographic name as entry element Hindu philosophy
9 (RLIN) 5119
700 0# - ADDED ENTRY--PERSONAL NAME
Personal name Dharmakīrti,
Dates associated with a name active 7th century.
Personal name Dharmottara.
942 ## - ADDED ENTRY ELEMENTS (KOHA)
Source of classification or shelving scheme Dewey Decimal Classification
Koha item type Books
Holdings
Lost status Source of classification or shelving scheme Damaged status Not for loan Collection code Permanent Location Current Location Shelving location Date acquired Source of acquisition Cost, normal purchase price Total Checkouts Full call number Date last seen Copy number Koha item type
  Dewey Decimal Classification   Not For Loan Non-fiction Central Library, University of Rajshahi Central Library, University of Rajshahi Reading Room 18/05/1985 Tulip enterprise 695.00   181.4 STB V-2 1962 10/04/2014 C-1 Books
  Dewey Decimal Classification   Not For Loan Non-fiction Central Library, University of Rajshahi Central Library, University of Rajshahi Reading Room 18/05/1985 Tulip enterprise 695.00   181.4 STB V-2 1962 10/04/2014 C-4 Books
  Dewey Decimal Classification     Non-fiction Central Library, University of Rajshahi Central Library, University of Rajshahi   18/05/1985 TULLIP 6.95   181.4 STB V-2 1962 12/04/2014 C-2 Books